| 000 | 00517nam a22001937a 4500 | ||
|---|---|---|---|
| 003 | LK-CoDNM | ||
| 005 | 20241230135112.0 | ||
| 008 | 241230b |||||||| |||| 00| 0 eng d | ||
| 040 |
_aLK-CoDNM _dLK-CoDNM _eLK-CoDNM |
||
| 041 | _aeng | ||
| 080 |
_a3 _bK22 |
||
| 100 | _aThomas Desvignes, M.E.S. | ||
| 245 | _aCatalogue of British ichneumonidae in the collection of the British museum | ||
| 260 |
_aLondon _bThe trustees _c1856 |
||
| 300 | _b120p. ; 22 cm | ||
| 650 | _a1856 | ||
| 650 | _aScience | ||
| 942 | _cBK | ||
| 999 |
_c234350 _d234350 |
||